| 000 | 00944nam a2200277 i 4500 | ||
|---|---|---|---|
| 001 | 14825 | ||
| 003 | ES-MaACL | ||
| 005 | 20251003195624.0 | ||
| 007 | t| | ||
| 008 | 990617s1973 sp ||||1| spa d | ||
| 020 | _a84-363-0464-0 | ||
| 080 | _a929 Enrique(460.18)IV | ||
| 080 | _a946.018"1454/74" | ||
| 100 | 1 |
_aPalencia, Alfonso de. _988529 |
|
| 245 | 1 | 0 |
_aCrónica de Enrique IV / _cAlonso de Palencia ; introducción de A. Paz y Melia. |
| 260 |
_aMadrid : _bAtlas, _c1973. |
||
| 300 |
_aLXIV, 341 p. ; _c26 cm. |
||
| 490 | 1 |
_aBiblioteca de autores españoles ; _v257 |
|
| 600 | 0 | 7 |
_aEnrique, _bIV, _cRey de Castilla _2 _9150161 |
| 651 | 0 | 4 |
_aCastilla (Reino)- _xHistoria- _y1454-1474, Enrique IV _97991 |
| 700 | 1 |
_aPaz y Meliá, A., _d1842-1927 _989789 |
|
| 830 | 0 |
_aBiblioteca de autores españoles (Atlas) ; _v257 _9236321 |
|
| 852 |
_aES-MaACL _jJ-51 vol. 257 _bR.127388 |
||
| 942 | _2udc | ||
| 999 |
_c14825 _d14825 |
||